01390cam a22003254a 450000100090000000300040000900500170001300800410003001000170007102000150008803500230010304000300012604200080015604300120016408200150017624501460019126000600033730000330039749000580043050001180048850400410060653000420064761000480068965100360073765100460077370000180081983000590083785600810089685600870097713986144OSt20230704085024.0050531s2005 dcua b i000 0 eng c a 2005276778 a1589062507 a(OCoLC)ocm57615887 aDJBcDJBdOCLCQdAFQdDLC apcc acl-----00a339.5bSIN00aStabilization and reform in Latin America :ba macroeconomic perspective on the experience since the early 1990s /cAnoop Singh ... [et al.]. aWashington, D.C. :bInternational Monetary Fund,c2005. axx, 116 p. :bill. ;c28 cm.1 aOccasional paper / International Monetary Fund ;v238 a"Anoop Singh, Agnès Belaisch, Charles Collyns, Paula De Masi, Reva Krieger, Guy Meredith, and Robert Rennhack." aIncludes bibliographical references. aAlso available on the World Wide Web.20aInternational Monetary FundzLatin America. 0aLatin AmericaxEconomic policy. 0aLatin AmericaxEconomic conditionsy1982-1 aSingh, Anoop. 0aOccasional paper (International Monetary Fund) ;v238.413Table of contents onlyuhttp://www.loc.gov/catdir/toc/fy0612/2005276778.html413Full text ;zin .pdf format:uhttp://www.imf.org/external/pubs/ft/op/238/index.htm